LEADER 01429nam0 2200313 450 001 000043401 005 20171102151218.0 100 $a20171019d1961----km-y0itaa50------ba 101 0 $aita 102 $aIT 200 1 $aAgrumi e derivati agrumari$fa cura di Giuseppe Fazio 210 $aRoma$cIstituto poligrafico dello Stato$d1961 215 $aVIII, 77 p.$ctab.$d25 cm. 300 $aSul frontespizio : Conferenza nazionale del mondo rurale e dell'agricoltura, Roma, 8 giugno 1961 ; Serie di monografie economico-mercantili raccolte dalla Unione italiana delle Camere di Commercio Industria e Agricoltura 300 $aBozze di stampa 316 $aIn testa al frontespizio, firma autografa e data: G. Viggiani 8-6-61 606 1 $aAgrumi$xCongressi$yRoma$z1961 676 $a634.304$v(22. ed.)$9Agrumi 702 1$aFazio,$bGiuseppe 712 12$aConferenza nazionale del mondo rurale e dell'agricoltura$f<1961$e; Roma> 801 0$aIT$bUniversità della Basilicata - B.I.A.$gREICAT$2unimarc 912 $a000043401 996 $aAgrumi e derivati agrumari$91532098 997 $aUNIBAS CAT $aSTD016$b01$c20171019$lBAS01$h1849 CAT $aTTM$b30$c20171102$lBAS01$h1503 CAT $aTTM$b30$c20171102$lBAS01$h1512 FMT Z30 -1$lBAS01$LBAS01$mBOOK$1BASA2$APolo Tecnico-Scientifico$2FVIG$BFondo Viggiani$3FVig/41730$641730$5T41730$7Collocato presso la Scuola di Agraria$820171019$f35$FStanza riservata LEADER 01399nam0 22003733i 450 001 MIL0008542 005 20231121125526.0 010 $a8870780309 010 $a9788870780307 100 $a20040413d1984 ||||0itac50 ba 101 | $aita$ceng 102 $ait 181 1$6z01$ai $bxxxe 182 1$6z01$an 200 1 $a˜Le œstorie che curano$eFreud, Jung, Adler$fJames Hillman 210 $aMilano$cCortina$d1984 215 $aVII, 179 p.$d21 cm. 225 | $aCollana di psicologia$v3 410 0$1001CFI0096153$12001 $aCollana di psicologia$v3 500 10$aHealing fiction$3MIL0027553$9CFIV000497$922638 606 $aLetteratura e psicanalisi$xTeorie$2FIR$3RMLC422785$9I 606 $aLetteratura e psicanalisi$2FIR$3RMLC058639$9I 676 $a150. 195$9$v21 676 $a150.195$9SISTEMI PSICANALITICI$v21 700 1$aHillman$b, James$f <1926-2011>$3CFIV000497$4070$0162113 801 3$aIT$bIT-01$c20040413 850 $aIT-FR0084 $aIT-FR0017 899 $aBiblioteca Del Monumento Nazionale Di Montecassino$bFR0084 899 $aBiblioteca umanistica Giorgio Aprea$bFR0017 $eN 912 $aMIL0008542 950 0$aBiblioteca umanistica Giorgio Aprea$d 52MAG 12/1662$e 52FSS0000060745 VMN RS $fA $h20160711$i20160711 977 $a 25$a 52 996 $aHealing fiction$922638 997 $aUNICAS